Biggest counties in the United States - Hard Mode - Statistics

General Stats
  • This quiz has been taken 3 times
  • The average score is 58 of 100
Answer Stats
State Population Answer % Correct
Texas 2,040,460 Bexar County
100%
New York 1,416,950 Bronx County
100%
Florida 1,984,840 Broward County
100%
Illinois 5,132,480 Cook County
100%
Texas 2,667,720 Dallas County
100%
Texas 4,767,540 Harris County
100%
Washington 2,291,030 King County
100%
California 10,079,000 Los Angeles County
100%
Arizona 4,573,310 Maricopa County
100%
Florida 2,794,990 Miami-Dade County
100%
New York 1,626,540 New York County
100%
New York 2,242,990 Queens County
100%
California 3,379,160 San Diego County
100%
Texas 2,139,860 Tarrant County
100%
Texas 1,290,690 Travis County
100%
Michigan 1,749,150 Wayne County
100%
California 1,684,000 Alameda County
67%
Maryland 828,087 Baltimore County
67%
New Mexico 678,731 Bernalillo County
67%
Nevada 2,328,320 Clark County
67%
Georgia 765,029 Cobb County
67%
Ohio 1,234,830 Cuyahoga County
67%
Colorado 738,598 Denver County
67%
District of Colombia 715,983 District of Colombia
67%
Illinois 924,443 DuPage County
67%
Florida 975,259 Duval County
67%
Texas 841,184 El Paso County
67%
New York 921,569 Erie County
67%
New Jersey 807,485 Essex County
67%
Massachusetts 801,594 Essex County
67%
Virginia 1,158,620 Fairfax County
67%
California 1,010,120 Fresno County
67%
Georgia 1,072,570 Fulton County
67%
Georgia 947,037 Gwinnett County
67%
Ohio 820,710 Hamilton County
67%
Minnesota 1,281,790 Hennepin County
67%
Hawaii 967,382 Honolulu County
67%
Missouri 705,481 Jackson County
67%
Kentucky 770,797 Jefferson County
67%
New York 2,667,720 Kings County
67%
Illinois 696,484 Lake County
67%
Indiana 966,106 Marion County
67%
North Carolina 1,127,080 Mecklenburg County
67%
Wisconsin 943,427 Milwaukee County
67%
Oregon 818,078 Multnomah County
67%
Oklahoma 803,352 Oklahoma County
67%
California 3,198,000 Orange County
67%
Florida 1,436,070 Orange County
67%
Pennsylvania 1,591,970 Philadelphia County
67%
Arizona 1,062,220 Pima County
67%
Florida 987,230 Pinellas County
67%
California 2,517,830 Riverside County
67%
California 1,567,490 Sacramento County
67%
Utah 1,182,260 Salt Lake County
67%
California 2,208,400 San Bernardino County
67%
California 891,583 San Francisco County
67%
California 1,945,940 Santa Clara County
67%
Washington 838,625 Snohomish County
67%
Missouri 997,539 St. Louis County
67%
New York 1,476,140 Suffolk County
67%
Massachusetts 818,846 Suffolk County
67%
California 851,297 Ventura County
67%
New York 964,278 Westchester County
67%
Massachusetts 840,659 Worcester County
67%
Pennsylvania 1,214,040 Allegheny County
33%
New Jersey 942,938 Bergen County
33%
Texas 1,072,650 Collin County
33%
California 1,160,920 Contra Costa County
33%
Tennessee 699,749 Davidson County
33%
Georgia 765,498 DeKalb County
33%
Texas 906,532 Denton County
33%
Connecticut 944,555 Fairfield County
33%
Texas 831,302 Fort Bend County
33%
Ohio 1,339,490 Franklin County
33%
Connecticut 892,229 Hartford County
33%
Texas 881,171 Hidalgo County
33%
Florida 1,490,430 Hillsborough County
33%
New Jersey 682,339 Hudson County
33%
Florida 784,818 Lee County
33%
Michigan 880,325 Macomb County
33%
Massachusetts 1,634,150 Middlesex County
33%
New Jersey 833,687 Middlesex County
33%
New York 742,550 Monroe County
33%
Maryland 1,061,210 Montgomery County
33%
Pennsylvania 836,688 Montgomery County
33%
New York 1,359,700 Nassau County
33%
Connecticut 857,272 New Haven County
33%
Massachusetts 713,530 Norfolk County
33%
Michigan 1,265,240 Oakland County
33%
Florida 1,517,150 Palm Beach County
33%
Florida 752,367 Polk County
33%
California 771,019 San Mateo County
33%
Tennessee 935,346 Shelby County
33%
North Carolina 1,133,140 Wake County
33%
Illinois 694,896 Will County
33%
Colorado 739,968 El Paso County
0%
California 912,316 Kern County
0%
Washington 919,495 Pierce County
0%
Maryland 910,322 Prince George's County
0%
California 772,948 San Joaquin County
0%
No matching quizzes found
Score Distribution
Percent of People with Each Score
Percentile by Number Answered
Your Score History
You have not taken this quiz